Statystyki dla Jeppy na logach klubów piłkarskich

Kliknij tutaj aby rozwiązać quiz!

Ogólne statystyki

  • Ten quiz został rozwiązany 43 razy
  • Średni wynik to 8 z 16

Statystyki odpowiedzi

Odpowiedź% Poprawnych
Barcelona
95%
Arsenal
93%
Roma
83%
Liverpool
78%
Ajax
70%
Benfica
65%
Newcastle United
53%
Beşiktaş
50%
RB Leipzig
50%
Rangers
48%
Orlando City
40%
Atlético Madrid
30%
New York City
28%
Panathinaikos
10%
Olympique Lyonnais
8%
Copenhagen
3%

Rozkład punktacji

Percentyl według liczby udzielonych odpowiedzi

Procent ludzi z każdym wynikiem

Twoja historia wyników

Nie rozwiązałeś tego quizu